Využitie workflow systému v podnikovej praxi diplomová práca

Gespeichert in:
Bibliographische Detailangaben
1. Verfasser: Strenková, Mária
Körperschaft: Fakulta podnikového manažmentu EU. Katedra informačného manažmentu
Weitere Verfasser: Romanová, Anita, 1973-
Format: Buch
Sprache:Slowakisch
Veröffentlicht: Bratislava 2017
Tags: Tag hinzufügen
Keine Tags, Fügen Sie das erste Tag hinzu!

MARC

LEADER 00000nbm a2200000 4500
001 0232243
005 20171108130802.0
041 0 |a slo 
044 |a SK 
245 1 0 |a Využitie workflow systému v podnikovej praxi  |b diplomová práca  |c Mária Strenková ; školiteľ: Anita Romanová 
264 1 |a Bratislava  |c 2017 
300 |a 74 s. 
100 1 |a Strenková, Mária 
700 1 |a Romanová, Anita, 1973- 
710 2 |a Fakulta podnikového manažmentu EU. Katedra informačného manažmentu